Annuncio di Cristo maestro nell'intuizione di don Alberione (L') (Record n. 76235)
[ formato base ]
| 000 -LEADER | |
|---|---|
| fixed length control field | 01404nam a2200301Ia 4500 |
| 001 - CONTROL NUMBER | |
| control field | 6930 |
| 003 - CONTROL NUMBER IDENTIFIER | |
| control field | IT-RoPAU |
| 008 - FIXED-LENGTH DATA ELEMENTS--GENERAL INFORMATION | |
| fixed length control field | 130308s9999 xx 000 0 und d |
| 040 ## - CATALOGING SOURCE | |
| Original cataloging agency | IT-RoPAU |
| 040 ## - CATALOGING SOURCE | |
| Transcribing agency | IT-RoPAU |
| 041 ## - LANGUAGE CODE | |
| Language code of text/sound track or separate title | ITALIANO |
| 999 ## - SYSTEM CONTROL NUMBERS (KOHA) | |
| Koha Dewey Subclass [OBSOLETE] | SI |
| 100 ## - MAIN ENTRY--PERSONAL NAME | |
| Personal name | Figlie di San Paolo |
| 100 ## - MAIN ENTRY--PERSONAL NAME | |
| Miscellaneous information | Codice Aut. SPICS: 6658 |
| 245 ## - TITLE STATEMENT | |
| Title | Annuncio di Cristo maestro nell'intuizione di don Alberione (L') |
| 245 ## - TITLE STATEMENT | |
| Remainder of title | Annuncio di Cristo maestro nell'Intuizione di Don Alberione (L') |
| 250 ## - EDITION STATEMENT | |
| Edition statement | 1a ed. |
| 260 ## - PUBLICATION, DISTRIBUTION, ETC. (IMPRINT) | |
| Place of publication, distribution, etc. | ROMA |
| 260 ## - PUBLICATION, DISTRIBUTION, ETC. (IMPRINT) | |
| Name of publisher, distributor, etc. | Edizioni Paoline Fsp |
| 260 ## - PUBLICATION, DISTRIBUTION, ETC. (IMPRINT) | |
| Date of publication, distribution, etc. | 1980 [1° Ed.:1980 - Ed.Ling.Originale:1980] |
| 300 ## - PHYSICAL DESCRIPTION | |
| Extent | "106 p. (prefazione: no ; testo: 106)" |
| 500 ## - GENERAL NOTE | |
| General note | Evangelizzazione missione della Chiesa Contenuto dell'evangelizzazione vie dell'evangelizzazione Destinatari e Operai dell'evangelizzazione Spirito dell'evangelizzazione Evangelizzazione missione della Famiglia Paolina nella Chiesa Contenuto e Metodo Paolino dell'evangelizzazione Evangelizzaztore Paolino San Paolo ispiratore dell'Intuizione di Don Alberione missione di Paolo nella Chiesa Contenuto Destinatari mezzi e Modi della Evangelizzazione Paolina Chi è L'Apostolo Secondo Paolo Tratti interiori dell'Apostolo Apostolicità Famiglia Paolina Paolo vivente Oggi |
| 650 ## - SUBJECT ADDED ENTRY--TOPICAL TERM | |
| Topical term or geographic name as entry element | STUDI SU GIACOMO ALBERIONE |
| 650 ## - SUBJECT ADDED ENTRY--TOPICAL TERM | |
| Relator term | Codice materia Spics: 9902 |
| 942 ## - ADDED ENTRY ELEMENTS (KOHA) | |
| Koha item type | LIBRO |
| 957 ## - | |
| -- | 1 |
| 999 ## - SYSTEM CONTROL NUMBERS (KOHA) | |
| -- | 1 |
| Withdrawn status | Lost status | Damaged status | Not for loan | Home library | Current library | Date acquired | Total Checkouts | Full call number | Date last seen | Price effective from | Koha item type | Public note |
|---|---|---|---|---|---|---|---|---|---|---|---|---|
| Buone Condizioni | Not For Loan | SPICS-MEDIATECA | SPICS-MEDIATECA | 08/03/2013 | 6930 | 08/03/2013 | 08/03/2013 | LIBRO | Progressivo inserimento: 60272 / N. Volumi: 1 Copie: 1 Copia Rara: SI / data import: 1 marzo 2013 - By Epidotti, Trombetti, Vaglietti. |